LEADER 01256nam2-2200385li-450 001 990000212580203316 005 20180312154642.0 010 $a3-540-16049-3 035 $a0021258 035 $aUSA010021258 035 $a(ALEPH)000021258USA01 035 $a0021258 100 $a20001109d1986----km-y0itay0103----ba 101 0 $aeng 102 $aGW 200 1 $aDegeneracy graphs and the neighbourhood problem$fH.-J. Kruse 210 $aBerlin [etc.]$cSpringer-Verlag$dcopyr.1986 215 $aVIII, 126 p.$cill.$d25 cm 225 2 $aLecture notes in economics and mathematical systems$v260 410 0$10010021202$12001$aLecture notes in economics and mathematical systems 610 1 $adegenerazione (matematica) 610 1 $agrafi 676 $a5115$9Teoria e costruzione dei grafi 700 1$aKruse,$bH.J.$0415225 801 $aSistema bibliotecario di Ateneo dell' Universitą di Salerno$gRICA 912 $a990000212580203316 951 $a650 LNES (260)$b0012101 959 $aBK 969 $aSCI 979 $c19910213 979 $c20001110$lUSA01$h1714 979 $c20020403$lUSA01$h1629 979 $aPATRY$b90$c20040406$lUSA01$h1615 996 $aDegeneracy graphs and the neighbourhood problem$9696904 997 $aUNISA LEADER 04271 am 22006253u 450 001 9910169179603321 005 20210323164722.0 010 $a90-474-1795-X 024 7 $a10.1163/9789047417958 035 $a(CKB)2670000000312049 035 $a(MiAaPQ)EBC4751055 035 $a(OCoLC)63127493 035 $a(nllekb)BRILL9789047417958 035 $a(OCoLC)987451281 035 $a(ScCtBLL)5a729f21-429e-44ea-874c-5aac7c48bb22 035 $a(oapen)https://directory.doabooks.org/handle/20.500.12854/28975 035 $a(PPN)170743519 035 $a(EXLCZ)992670000000312049 100 $a20060628d2006 uy| 0 101 0 $aeng 135 $aurcnu|||||||| 181 $ctxt$2rdacontent 182 $cc$2rdamedia 183 $acr$2rdacarrier 200 10$aPower and religion in Baroque Rome $eBarberini cultural policies /$fby Peter Rietbergen 210 $cBrill$d2005 210 1$aLeiden ; Boston :$cBrill,$d2006. 210 4$d©2006 215 $a1 online resource (xviii, 437 pages) $cdigital file(s) 225 1 $aBrill's studies in intellectual history,$x0920-8607 ;$vvolume 135 311 08$aPrint version: Rietbergen, Peter. Power and religion in Baroque Rome : Barberini cultural policies. Leiden : Brill, 2005 9789004148932 9004148930 320 $aIncludes bibliographical references and index. 327 $aPreliminary Material -- Introduction: When the bees flew -- Prologue: Giacinto Gigli, chronicler, or: power in the streets of Rome -- Chapter One: The Barberini build a chapel, or: rising to power in post-Tridentine Rome -- Chapter Two: Maffeo Barberini-Urban VIII, the Poet-Pope, or: the power of poetic propaganda -- Chapter Three: The ?Days and Works? of Francesco, Cardinal Barberini, or: how to be a powerful cardinal-padrone? -- Chapter Four: Prince Eckembergh comes to dinner, or: power through culinary ceremony -- Chapter Five: The Bare Feet of St Augustine, or: the power of religious images -- Chapter Six: Lucas Holste (1596?1661), scholar and librarian, or: the power of books and libraries -- Chapter Seven: Ibrahim al-Hakilani (1605?1664), or: the power of scholarship and publishing -- Chapter Eight: Urban VIII between White Magic and Black Magic, or: holy and unholy power -- Epilogue: The Return of the Muses: Instruments of cultural policy in Barberini Rome, 1623?1644 -- Conclusion: ?L?etą fortunata del Mele?, or ?Honey?s Happy Age?: The Barberini pontificate as a generation, a crossroads?problems of perspective -- Index. 330 $aIn ten chapters, partly case-studies, this monograph analyzes the (new) ways in which cultural manifestations were used to create the necessary preconditions for (religious) policy and power in the Rome of Urban VIII (1623-1644). It was the intensified interaction between culture and power-politics that created what we now call ?the Baroque?. Based on a rich variety of, hitherto largely unexplored, primary sources, the book addresses the basic issues of papal power in the post-Tridentine period. It does not study actual papal politics, but rather the cultural forms that were essential to the representation and legitimatization of the papacy?s power, both secular and religious and that (co-)determined the effectiveness of papal policy. Precisely during Urban?s long pontificate, the manifold, always imaginative and often unexpected uses of power representation became, in the end, not so much a series of cultural forms as, in a sense, the structure of early modern (Roman) society. 410 0$aBrill's studies in intellectual history ;$vv. 135. 606 $aPapacy$xHistory$y1566-1799 607 $aRome (Italy)$xCivilization$xChristian influences$xHistory$y17th century 610 $aHistory 610 $aEarly Modern History 610 $aBarberini family 610 $aCardinal (Catholic Church) 610 $aGigli 610 $aPope 610 $aRome 610 $aVatican Library 615 0$aPapacy$xHistory 676 $a945.63207 700 $aRietbergen$b P. J. A. N.$0987778 801 0$bMiAaPQ 801 1$bMiAaPQ 801 2$bMiAaPQ 906 $aBOOK 912 $a9910169179603321 996 $aPower and religion in Baroque Rome$92258359 997 $aUNINA